<?xml version="1.0" encoding="UTF-8"?>
<record
    xmlns:xsi="http://www.w3.org/2001/XMLSchema-instance"
    xsi:schemaLocation="http://www.loc.gov/MARC21/slim http://www.loc.gov/standards/marcxml/schema/MARC21slim.xsd"
    xmlns="http://www.loc.gov/MARC21/slim">

  <leader>01935nam a22003497a 4500</leader>
  <controlfield tag="001">BRCA_9241</controlfield>
  <controlfield tag="003">FranzMayer</controlfield>
  <controlfield tag="005">20221005170201.0</controlfield>
  <controlfield tag="008">221005b        |||||||| |||| 00| 0 eng d</controlfield>
  <datafield tag="020" ind1=" " ind2=" ">
    <subfield code="a">9786079862787</subfield>
  </datafield>
  <datafield tag="040" ind1=" " ind2=" ">
    <subfield code="b">spa</subfield>
    <subfield code="c">MFM</subfield>
  </datafield>
  <datafield tag="041" ind1="1" ind2=" ">
    <subfield code="a">spa</subfield>
    <subfield code="a">eng</subfield>
  </datafield>
  <datafield tag="050" ind1=" " ind2=" ">
    <subfield code="a">F1218.5</subfield>
    <subfield code="b">.M49 2021</subfield>
  </datafield>
  <datafield tag="245" ind1="0" ind2="3">
    <subfield code="a">El M&#xE9;xico antiguo :</subfield>
    <subfield code="b">Colecci&#xF3;n del Museo Amparo </subfield>
  </datafield>
  <datafield tag="264" ind1=" " ind2="1">
    <subfield code="a">Ciudad de M&#xE9;xico :</subfield>
    <subfield code="b">Fundaci&#xF3;n Amparo, I. A. P.</subfield>
    <subfield code="c">2021</subfield>
  </datafield>
  <datafield tag="300" ind1=" " ind2=" ">
    <subfield code="a">373 pp :</subfield>
    <subfield code="b">il. fot. ;</subfield>
    <subfield code="c">22.5 x 30 cm.</subfield>
  </datafield>
  <datafield tag="504" ind1=" " ind2=" ">
    <subfield code="a">Incluye referencias bibliogr&#xE1;ficas</subfield>
  </datafield>
  <datafield tag="505" ind1=" " ind2=" ">
    <subfield code="t">Actualizar el pasado, comprender el presente, construir el futuro / </subfield>
    <subfield code="r">Lucia I. Alonso Espinosa, &#xC1;ngeles Alonso Espinosa, Ramiro Mart&#xED;nez Estrada</subfield>
  </datafield>
  <datafield tag="505" ind1=" " ind2=" ">
    <subfield code="t">El Museo Amparo: nacimiento y tiempo presente / </subfield>
    <subfield code="r">Ana Gardu&#xF1;o Ortega</subfield>
  </datafield>
  <datafield tag="505" ind1=" " ind2=" ">
    <subfield code="t">El arte de la antig&#xFC;edad ind&#xED;gena en la modernidad el siglo XX / </subfield>
    <subfield code="r">Itzel Rodr&#xED;guez Mortellaro</subfield>
  </datafield>
  <datafield tag="505" ind1=" " ind2=" ">
    <subfield code="t">El Museo Amparo, la Civilizaci&#xF3;n del M&#xE9;xico antiguo y sus obras / </subfield>
    <subfield code="r">Pablo Escalante Gonzalbo</subfield>
  </datafield>
  <datafield tag="505" ind1=" " ind2=" ">
    <subfield code="t">Acervo fundacional</subfield>
  </datafield>
  <datafield tag="505" ind1=" " ind2=" ">
    <subfield code="t">Lista de ilustraciones</subfield>
  </datafield>
  <datafield tag="505" ind1=" " ind2=" ">
    <subfield code="t">Versi&#xF3;n en ingles = English edition.</subfield>
  </datafield>
  <datafield tag="520" ind1=" " ind2=" ">
    <subfield code="a">El presente cat&#xE1;logo da cuenta de las culturas y procesos hist&#xF3;ricos que tuvieron lugar en el territorio que hoy ocupa M&#xE9;xico, antes de la conquista espa&#xF1;ola en el siglo XVI. La Colecci&#xF3;n del Museo Amparo corresponde exclusivamente a la mitad sur de M&#xE9;xico y sus costas. La edici&#xF3;n incluye textos y fotograf&#xED;as a color a toda p&#xE1;gina de las piezas m&#xE1;s reconocidas de la Colecci&#xF3;n de Arte Prehisp&#xE1;nico del museo.</subfield>
  </datafield>
  <datafield tag="546" ind1=" " ind2=" ">
    <subfield code="a">Texto en espa&#xF1;ol, con una versi&#xF3;n en ingl&#xE9;s (pp. 338-374) </subfield>
  </datafield>
  <datafield tag="610" ind1="2" ind2="0">
    <subfield code="a">Museo Amparo (Puebla, Mexico)</subfield>
    <subfield code="v">Cat&#xE1;logos</subfield>
    <subfield code="9">28593</subfield>
  </datafield>
  <datafield tag="650" ind1=" " ind2="0">
    <subfield code="a">Arte ind&#xED;gena</subfield>
    <subfield code="z">M&#xE9;xico</subfield>
    <subfield code="v">Cat&#xE1;logos</subfield>
    <subfield code="9">28594</subfield>
  </datafield>
  <datafield tag="650" ind1=" " ind2="0">
    <subfield code="a">Ind&#xED;genas de M&#xE9;xico</subfield>
    <subfield code="x">Antig&#xFC;edades </subfield>
    <subfield code="v">Cat&#xE1;logos</subfield>
    <subfield code="9">28595</subfield>
  </datafield>
  <datafield tag="651" ind1=" " ind2="0">
    <subfield code="a">M&#xE9;xico</subfield>
    <subfield code="x">Antig&#xFC;edades</subfield>
    <subfield code="v">Cat&#xE1;logos</subfield>
    <subfield code="9">28596</subfield>
  </datafield>
  <datafield tag="942" ind1=" " ind2=" ">
    <subfield code="2">lcc</subfield>
    <subfield code="c">B</subfield>
  </datafield>
  <datafield tag="999" ind1=" " ind2=" ">
    <subfield code="c">10860</subfield>
    <subfield code="d">10860</subfield>
  </datafield>
  <datafield tag="952" ind1=" " ind2=" ">
    <subfield code="0">0</subfield>
    <subfield code="1">0</subfield>
    <subfield code="2">lcc</subfield>
    <subfield code="4">0</subfield>
    <subfield code="7">0</subfield>
    <subfield code="a">BRCA</subfield>
    <subfield code="b">BRCA</subfield>
    <subfield code="d">2022-10-05</subfield>
    <subfield code="l">0</subfield>
    <subfield code="o">F1218.5 .M49 2021</subfield>
    <subfield code="p">CONT10034</subfield>
    <subfield code="r">2022-10-05 00:00:00</subfield>
    <subfield code="w">2022-10-05</subfield>
    <subfield code="y">B</subfield>
  </datafield>
</record>
